[Event "Szolnok Agora op 2nd"]
[Site "Szolnok"]
[Date "2023.07.01"]
[Round "5"]
[White "Nagy, Gabor2222"]
[Black "Aranyasz, Robert"]
[Result "1-0"]
[WhiteElo "1853"]
[BlackElo "1405"]
[PlyCount "93"]
[EventDate "2023.06.29"]
[EventType "swiss"]
[EventRounds "7"]
[EventCountry "HUN"]
[SourceTitle "EXT 2024"]
[Source "ChessBase"]
[SourceDate "2023.10.10"]
[SourceVersion "1"]
[SourceVersionDate "2023.10.10"]
[SourceQuality "1"]

1. e4 c5 2. d4 cxd4 3. c3 d5 4. Qxd4 e6 5. exd5 exd5 6. Nf3 Nc6 7. Bb5 a6 8. Qe3+ Qe7 9. Ba4 b5 10. Bb3 Qxe3+ 11. Bxe3 Be6 12. Nd4 Nxd4 13. Bxd4 Ne7 14. a4 Bd7 15. 0-0 bxa4 16. Bxa4 Bxa4 17. Rxa4 Nc6 18. Re1+ Kd7 19. Be3 Bd6 20. Rd1 Ne7 21. c4 dxc4 22. Na3 Ke6 23. Nxc4 Bc7 24. Rda1 Rhd8 25. Rxa6+ Rxa6 26. Rxa6+ Kf5 27. Ra1 g5 28. b4 Rb8 29. Rb1 Nd5 30. Bc5 Nc3 31. Re1 Ne4 32. Ne3+ Kg6 33. Nd5 Nxc5 34. bxc5 Ba5 35. Rc1 Rd8 36. Ne7+ Kf6 37. Nc6 Ra8 38. Ra1 Rc8 39. Nxa5 Rxc5 40. Nb3 Rc3 41. Nd2 Rc2 42. Rd1 Rc7 43. f3 Kg6 44. Ne4 f5 45. Rd6+ Kh5 46. Ng3+ Kh4 47. Rh6# 1-0